Представление документа в формате MARC21

ПолеНазваниеЗначение
  Тип записи a
  Библиографический уровень m
001 Контрольный номер RU\infra-m\znanium\bibl\2212765
005 Дата корректировки 20260429142113.3
008 Кодируемые данные 260123s2025 RU g rus u
020 Индекс ISBN __
a ISBN 978-5-16-021083-4
020 Индекс ISBN __
a ISBN 978-5-16-113774-1 (электр. издание)
040 Источник каталогиз. __
a Служба первич. каталог. Общество с ограниченной ответственностью «ЗНАНИУМ»
041 Код языка издания __
a Код языка текста rus
044 Код страны публикации __
a Код страны публикации RU
080 Индекс УДК __
a Индекс УДК 811.111+621(075.8)
084 Индекс другой классификации/Индекс ББК __
2 Источник индекса rubbk
a Индекс другой классификации/Индекс ББК 81.432.1:34.4я73
084 Индекс другой классификации/Индекс ББК __
2 Источник индекса okso
a Индекс другой классификации/Индекс ББК 23.03.01
084 Индекс другой классификации/Индекс ББК __
2 Источник индекса okso
a Индекс другой классификации/Индекс ББК 23.03.02
084 Индекс другой классификации/Индекс ББК __
2 Источник индекса okso
a Индекс другой классификации/Индекс ББК 23.03.03
084 Индекс другой классификации/Индекс ББК __
2 Источник индекса okso
a Индекс другой классификации/Индекс ББК 23.05.01
100 Автор __
a Автор Анюшенкова О.Н.
q Полное имя Анюшенкова Ольга Николаевна
u Дополнение Финансовый университет при Правительстве Российской Федерации
245 Заглавие __
a Заглавие Английский язык для автомобильной индустрии = English for the Auto Industry
b Продолж. заглавия Учебник
c Ответственность Финансовый университет при Правительстве Российской Федерации
250 Сведения об издании __
a Основные сведения об издании 1
260 Выходные данные __
a Место издания Москва
b Издательство ООО "Научно-издательский центр ИНФРА-М"
c Дата издания 2026
300 Физическое описание __
a Объем 460 с.
440 Серия __
a Серия Высшее образование (Финансовый университет)
520 Аннотация __
a Аннотация Целью данного учебника является развитие навыков устной речи и чтения технической литературы автомобильного профиля на английском языке. Тексты скомпонованы тематически и дают представление об основных системах и узлах транспортных средств материалах и оборудовании используемых в автомобильной индустрии способах устранения неисправностей этапах производственного процесса в автомобильной промышленности и т.д. Включены краткий терминологический словарь активной лексики список нестандартных глаголов и англо-русский словарь автомобильных терминов. Материалы предназначены как для использования на практических занятиях так и для самостоятельной работы. Соответствует требованиям федеральных государственных образовательных стандартов высшего образования последнего поколения. Предназначен для студентов высших учебных заведений обучающихся по специальностям входящим в укрупненную группу специальностей и направлений подготовки 23.00.00 «Техника и технологии наземного транспорта». Может быть рекомендован инженерам.
521 Примеч. о цел. назн. __
a Примеч. о целев. назн. ВО - Бакалавриат
650 Тематические рубрики __
a Основная рубрика Филологические науки
x Основная подрубрика Английский язык
655 Указ. предметных рубрик (устаревшее) __
a Жанр/ форма (устаревшее) Учебник
856 Электронный адрес документа 4_
a Имя сервера/домена znanium.ru
m Помощь ebs_support@infra-m.ru
n Местонахождение сервера НИЦ ИНФРА-М
u URL https://znanium.ru/catalog/document?id=466399
856 Электронный адрес документа 48
a Имя сервера/домена znanium.ru
d Путь /cover/2212
f Электронное имя 2212765.jpg
q Тип электронного формата image/jpeg
u URL https://znanium.ru/cover/2212/2212765.jpg
911 __
u 0030=https://znanium.ru/catalog/document?id=466399